INTRODUCTION TO ARTIFICIAL INTELLIGENCE (Record no. 1561)
[ view plain ]
| 000 -LEADER | |
|---|---|
| Fixed length control field | 00488nam a2200169 4500 |
| 003 - CONTROL NUMBER IDENTIFIER | |
| Control field | SEACOMEC |
| 005 - DATE AND TIME OF LATEST TRANSACTION | |
| Control field | 20240812121632.0 |
| 008 - FIXED-LENGTH DATA ELEMENTS--GENERAL INFORMATION | |
| Fixed length control field | 240812b |||||||| |||| 00| 0 eng d |
| 020 ## - INTERNATIONAL STANDARD BOOK NUMBER / ISBN | |
| International Standard Book Number | 81-203-2864-7 |
| Price | 250.00 |
| 040 ## - CATALOGING SOURCE | |
| Original cataloging agency | SEACOMEC |
| 082 ## - DEWEY DECIMAL CLASSIFICATION NUMBER | |
| Classification number | 006.3 |
| Book Number | A314 |
| 100 ## - MAIN ENTRY--PERSONAL NAME | |
| Personal name | AKERKAR, RAJENDRA |
| 245 ## - TITLE STATEMENT | |
| Title | INTRODUCTION TO ARTIFICIAL INTELLIGENCE |
| Statement of responsibility | RAJENDRA AKERKAR |
| 260 ## - IMPRINT | |
| Place of publication | New Delhi |
| Name of publisher | Phi Learning |
| Date of publication | 2005 |
| 650 ## - SUBJECT ADDED ENTRY--TOPICAL TERM | |
| Topical term | Computer Science |
| Form subdivision | - Artificial intelligence |
| 942 ## - ADDED ENTRY ELEMENTS (KOHA) | |
| Koha item type | Books |
| Withdrawn status | Lost status | Source of classification | Damaged status | Not for loan | Home library | Current library | Date acquired | Total Checkouts | Call number | Accession number | Date last seen | Price effective from | Koha item type | Copy number |
|---|---|---|---|---|---|---|---|---|---|---|---|---|---|---|
| Dewey Decimal Classification | SEACOM ENGINEERING COLLEGE | SEACOM ENGINEERING COLLEGE | 09/05/2007 | 006.3 A314 | 6674 | 12/08/2024 | 12/08/2024 | Books | ||||||
| Dewey Decimal Classification | SEACOM ENGINEERING COLLEGE | SEACOM ENGINEERING COLLEGE | 09/05/2007 | 006.3 A314 | 6675 | 12/08/2024 | 12/08/2024 | Books | 1 | |||||
| Dewey Decimal Classification | SEACOM ENGINEERING COLLEGE | SEACOM ENGINEERING COLLEGE | 09/05/2007 | 006.3 A314 | 6676 | 12/08/2024 | 12/08/2024 | Books | 2 |
